|
|
|
|
| LEADER |
01101nam a2200289 a 4500 |
| 001 |
000001857 |
| 003 |
CZ BrMZK |
| 005 |
20150206123739.0 |
| 007 |
ta |
| 008 |
010907s1993 xr a f 000 m cze d |
| 015 |
|
|
|a cnb000076183
|
| 020 |
|
|
|a 80-901224-4-2
|q (brož.)
|
| 035 |
|
|
|a (OCoLC)39569168
|
| 040 |
|
|
|a BOA001
|b cze
|
| 080 |
|
|
|a 929.6
|2 undef
|
| 100 |
1 |
|
|a Mandelová, Helena,
|d 1936-
|7 jk01080021
|4 aut
|
| 245 |
1 |
0 |
|a České královské korunovační klenoty :
|b (pro školní mládež) /
|c text Helena Mandelová ; kresby Jindřich Kovařík
|
| 260 |
|
|
|a Praha :
|b Pražské nakladatelství Pluto,
|c 1993
|
| 300 |
|
|
|a 8 s. :
|b il. ;
|c 30 cm
|
| 550 |
|
|
|a Vydavatel: Kancelář prezidenta České republiky
|
| 653 |
0 |
|
|a korunovace
|a české korunovační klenoty
|
| 655 |
|
7 |
|a brožury
|7 fd131925
|2 czenas
|
| 700 |
1 |
|
|a Kovařík, Jindřich,
|d 1928-2019
|7 jk01062500
|4 ill
|
| 710 |
1 |
|
|a Česko.
|b Kancelář prezidenta republiky
|7 ko2004207969
|
| 910 |
|
|
|a BOA001
|b X2-0989.454
|
| 990 |
|
|
|a BK
|
| 996 |
7 |
|
|b 2619901830
|c X2-0989.454
|l MZK
|r Sklad / do 24 hodin
|n 10
|p p.v.
|w 000001857
|u 000010
|a 1
|e BOA001
|j MZK50
|s A
|